[Event "DVM U16 2019"]
[Site "Magedburg"]
[Date "2019.12.28"]
[Round "3"]
[White "Costa, Leonardo"]
[Black "Grunwald, Jonathan"]
[Result "1-0"]
[WhiteElo "2048"]
[BlackElo "1815"]
[Annotator "NA RC"]
[PlyCount "57"]
[EventDate "2019.12.27"]
[EventType "team-tourn"]
[EventRounds "7"]
[EventCountry "GER"]
[SourceTitle "playchess.com"]
[Source "ChessBase"]
[SourceQuality "1"]
[WhiteTeam "SK München Südost"]
[BlackTeam "Biebertaler SF"]
[WhiteTeamCountry "GER"]
[BlackTeamCountry "GER"]
[TimeControl "40/5400+30:1800+30"]

1. e4 {[%emt 0:00:00]} e5 {[%emt 0:00:00]} 2. Nf3 {[%emt 0:00:00]} Nc6 {[%emt 0:00:00]} 3. d4 {[%emt 0:00:00]} exd4 {[%emt 0:00:00]} 4. Nxd4 {[%emt 0:00:00]} Bc5 {[%emt 0:00:19]} 5. Nb3 {[%emt 0:00:00]} Bb6 {[%emt 0:00:37]} 6. Nc3 {[%emt 0:00:14]} Nf6 {[%emt 0:01:19]} 7. Bd3 {[%emt 0:01:07] unterminated C45: Scotch Game} (7. Bg5 h6 8. Bh4 d6 9. f3 g5 10. Bg3 a6 11. Qd2 Qe7 12. O-O-O Be6 13. Na4 Ba7 14. Na5 Nxa5 15. Qxa5 Nh5 16. Be1 {½-½ (49) Chigaev,M (2637)-Malakhov,V (2660) Sochi 2019}) 7... d6 {[%emt 0:04:41] unterminated} 8. Bg5 {[%emt 0:04:54] unterminated} h6 {[%emt 0:03:34]} 9. Bh4 {[%emt 0:00:20] unterminated} Be6 {[%emt 0:03:44] unterminated} 10. Qe2 {[%emt 0:11:16] unterminated} g5 {[%emt 0:21:54] unterminated} 11. Bg3 {[%emt 0:01:24] unterminated} Bxb3 $146 {[%emt 0:01:31] unterminated} ({Predecessor:} 11... Ne5 12. O-O-O Qe7 13. h4 O-O-O 14. Kb1 Nxd3 15. Qxd3 {0-1 (54) Nagy,B (2352)-Balint,V (2203) Ajka 2019}) 12. axb3 {[%emt 0:01:52] unterminated} Nd4 {[%emt 0:00:42] unterminated} 13. Qd2 {[%emt 0:06:39]} Qd7 {[%emt 0:00:44] unterminated} 14. O-O-O {[%emt 0:01:49] unterminated} O-O-O {[%emt 0:00:54] unterminated} 15. Na4 {[%emt 0:07:53]} Rde8 {[%emt 0:05:33]} 16. Nxb6+ {[%emt 0:00:40]} axb6 {[%emt 0:00:13]} 17. Qc3 {[%emt 0:00:32]} c5 {[%emt 0:07:22]} 18. f3 {[%emt 0:14:38]} Qe6 {[%emt 0:08:11]} 19. Rhe1 {[%emt 0:16:19]} Nd7 {[%emt 0:04:20]} 20. Bc4 {[%emt 0:02:29]} Qg6 {[%emt 0:02:57]} 21. Bxf7 {[%emt 0:01:03]} Qxf7 {[%emt 0:00:07]} 22. Rxd4 {[%emt 0:00:05]} h5 {[%emt 0:02:59]} 23. Rxd6 {[%emt 0:00:49]} h4 {[%emt 0:01:45]} 24. Bf2 {[%emt 0:00:15]} Rd8 {[%emt 0:02:00] normal} 25. Red1 {[%emt 0:00:52] normal} Rhf8 {[%emt 0:01:34] normal} 26. e5 {[%emt 0:02:01] normal} Qf4+ {[%emt 0:02:20]} 27. Be3 {[%emt 0:00:12] normal} Qf5 {[%emt 0:03:25]} 28. e6 $18 {[%emt 0:00:44] normal} Nf6 {[%emt 0:01:22]} 29. e7 {[%emt 0:00:10] normal} 1-0

[Event "DVM U16 2019"]
[Site "Magedburg"]
[Date "2019.12.28"]
[Round "3"]
[White "Biermann, Florian"]
[Black "Bethke, Robert"]
[Result "1-0"]
[WhiteElo "2044"]
[BlackElo "2046"]
[Annotator "NA"]
[PlyCount "98"]
[EventDate "2019.12.27"]
[EventType "team-tourn"]
[EventRounds "7"]
[EventCountry "GER"]
[SourceTitle "playchess.com"]
[Source "ChessBase"]
[SourceQuality "1"]
[WhiteTeam "SG Bochum"]
[BlackTeam "SF Neuberg"]
[WhiteTeamCountry "GER"]
[BlackTeamCountry "GER"]
[TimeControl "40/5400+30:1800+30"]

1. d4 {[%emt 0:00:00]} d5 {[%emt 0:00:00]} 2. Bf4 {[%emt 0:00:00]} Nf6 {[%emt 0:00:02]} 3. e3 {[%emt 0:00:22]} e6 {[%emt 0:00:46]} 4. Nd2 {[%emt 0:00:09]} Bd6 {[%emt 0:01:00]} 5. Bg3 {[%emt 0:01:44]} c5 {[%emt 0:00:33] unterminated} 6. c3 {[%emt 0:00:48] unterminated} Nc6 {[%emt 0:00:44]} 7. Ngf3 {[%emt 0:01:42] unterminated} O-O {[%emt 0:04:31] unterminated} 8. Bb5 {[%emt 0:03:52] D02: 1 d4 d5 2 Nf3 sidelines, including 2...Nf6 3 g3 and 2...Nf6 3 Bf4} Ne7 {[%emt 0:00:54] unterminated} (8... cxd4 9. exd4 Ne7 10. Bd3 Ng6 11. O-O Bxg3 12. fxg3 b5 13. Qe2 Qb6 14. Ng5 b4 15. Ndf3 h6 {½-½ (34) Naroditsky,D (2616)-Mamedyarov,S (2817) chess.com INT 2019}) 9. Bd3 {[%emt 0:01:54]} b6 {[%emt 0:01:08] unterminated} 10. Qe2 {[%emt 0:08:32]} Bb7 {[%emt 0:00:21] unterminated} 11. Rd1 $146 {[%emt 0:02:41] unterminated} ({Predecessor:} 11. Bxd6 Qxd6 12. Ne5 Ne4 13. Nxe4 dxe4 14. Bc2 Rac8 15. O-O Nf5 {0-1 (92) Kostov,D (1830)-Tarhan,A (1962) Antalya 2019}) 11... cxd4 {[%emt 0:08:56]} 12. exd4 {[%emt 0:00:44]} Nf5 {[%emt 0:02:13]} 13. Be5 {[%emt 0:06:02]} Ne8 {[%emt 0:06:57]} 14. O-O {[%emt 0:01:19]} Bxe5 {[%emt 0:00:47]} 15. dxe5 {[%emt 0:04:42]} Nc7 {[%emt 0:00:44]} 16. b4 {[%emt 0:22:04]} g6 {[%emt 0:03:08]} 17. Nd4 {[%emt 0:02:04]} Kh8 {[%emt 0:03:07]} 18. g4 {[%emt 0:02:52]} Nxd4 {[%emt 0:00:58]} 19. cxd4 {[%emt 0:00:07]} Qe7 {[%emt 0:00:08]} 20. Rb1 {[%emt 0:01:00]} f5 {[%emt 0:00:35]} 21. f4 {[%emt 0:02:05]} Rfc8 {[%emt 0:00:50]} 22. Rb3 {[%emt 0:02:02]} a6 {[%emt 0:00:46]} 23. a3 {[%emt 0:06:41]} Bc6 {[%emt 0:03:33]} 24. g5 {[%emt 0:03:07]} Ba4 {[%emt 0:02:34]} 25. Rc3 {[%emt 0:03:21]} Nb5 {[%emt 0:00:11]} 26. Rxc8+ {[%emt 0:00:24]} Rxc8 {[%emt 0:00:01] unterminated} 27. Nf3 {[%emt 0:01:36] unterminated} Qc7 {[%emt 0:02:28]} 28. h4 {[%emt 0:04:36] unterminated} Qc3 {[%emt 0:00:41] unterminated} 29. Qe3 {[%emt 0:02:57] unterminated} Qxa3 {[%emt 0:01:53] unterminated} 30. h5 {[%emt 0:01:26]} Rc3 {[%emt 0:00:27] unterminated} 31. Ne1 {[%emt 0:00:15]} Qxb4 {[%emt 0:01:14]} 32. Qh3 {[%emt 0:01:00] unterminated} Qxd4+ {[%emt 0:01:50] unterminated} 33. Kg2 {[%emt 0:01:35] unterminated} Rc7 {[%emt 0:02:39]} 34. hxg6 {[%emt 0:00:27] unterminated} Qb2+ {[%emt 0:03:12] unterminated} 35. Rf2 {[%emt 0:01:49]} Qb4 {[%emt 0:00:08] unterminated} 36. Qh6 {[%emt 0:00:51] [#]} Rg7 $1 {[%emt 0:01:06]} 37. gxh7 {[%emt 0:00:31] unterminated} Qxe1 {[%emt 0:09:29] unterminated} 38. Qxe6 {[%emt 0:03:05] Double Attack} Nc7 {[%emt 0:00:34] unterminated} 39. Qxf5 {[%emt 0:01:49]} Qb4 {[%emt 0:00:45] unterminated} 40. g6 {[%emt 0:04:48] unterminated} Bd7 {[%emt 0:03:17] unterminated} 41. Qf6 {[%emt 0:09:12] unterminated} Ne8 {[%emt 0:01:24] unterminated} 42. Qg5 {[%emt 0:04:00] unterminated} Qc3 $2 {[%emt 0:02:19] unterminated} (42... Re7 $11) 43. Qg3 {[%emt 0:03:35] unterminated} d4 {[%emt 0:03:03] unterminated} 44. f5 {[%emt 0:01:32]} Bc6+ {[%emt 0:00:34]} 45. Kh2 {[%emt 0:00:21] unterminated} Qc1 {[%emt 0:00:57] [#]} 46. Rf1 $1 {[%emt 0:01:13] unterminated} Qh6+ $18 {[%emt 0:09:37]} 47. Kg1 {[%emt 0:00:18]} Bb5 {[%emt 0:10:14]} 48. f6 {[%emt 0:03:34]} Ra7 {[%emt 0:02:29]} 49. f7 {[%emt 0:02:37]} Qf8 {[%emt 0:00:28] normal} 1-0

[Event "DVM U16 2019"]
[Site "Magedburg"]
[Date "2019.12.28"]
[Round "3"]
[White "Haufe, Laurin"]
[Black "Rietschel, Tilo"]
[Result "0-1"]
[WhiteElo "2022"]
[BlackElo "2005"]
[Annotator "NA"]
[PlyCount "85"]
[EventDate "2019.12.27"]
[EventType "team-tourn"]
[EventRounds "7"]
[EventCountry "GER"]
[SourceTitle "playchess.com"]
[Source "ChessBase"]
[SourceQuality "1"]
[WhiteTeam "SG Leipzig"]
[BlackTeam "Lübecker SV"]
[WhiteTeamCountry "GER"]
[BlackTeamCountry "GER"]
[TimeControl "40/5400+30:1800+30"]

1. e4 c5 2. Nf3 d6 3. d4 cxd4 4. Nxd4 Nf6 5. Nc3 g6 6. Be3 Bg7 7. f3 O-O 8. Qd2 Nc6 9. g4 Be6 10. h4 {unterminated} d5 {unterminated B76: Sicilian Dragon: Yugoslav Attack, 9 g4 and 9 0-0-0} 11. g5 {unterminated} (11. e5 Nxe5 12. O-O-O Qa5 13. Be2 Rfc8 14. h5 Rxc3 15. Qxc3 Qxa2 16. hxg6 hxg6 17. Nxe6 fxe6 18. Qxe5 Qa1+ 19. Kd2 Qa5+ 20. Kc1 Qa1+ 21. Kd2 Qa5+ 22. Kc1 Qa1+ 23. Kd2 {½-½ (23) Bauer,C (2618)-Edouard,R (2634) Saint-Quentin 2015}) 11... Nh5 {unterminated} 12. O-O-O {unterminated} Nxd4 {unterminated} 13. Bxd4 {unterminated} dxe4 14. Bxg7 Qxd2+ 15. Rxd2 e3 16. Bxf8 exd2+ 17. Kxd2 Kxf8 18. Bd3 Rd8 $146 19. Ke3 f5 20. Ne2 Bd7 21. f4 Re8 22. Kd4 Nxf4 23. Nxf4 e5+ 24. Ke3 exf4+ 25. Kxf4 {unterminated} Bc6 {unterminated} 26. Rc1 {unterminated} Be4 {unterminated} 27. b3 {unterminated} Re7 {unterminated} 28. Kg3 {unterminated} Ke8 {unterminated} 29. Bc4 {unterminated} Kd7 {unterminated} 30. c3 {unterminated} Kd6 {unterminated} 31. Kf4 Kc5 {unterminated} 32. Rd1 {unterminated} b5 33. Bg8 {unterminated} a5 34. Rd2 {unterminated} Bc6 35. Rd4 {unterminated} Be4 36. Rd2 {unterminated} b4 37. c4 {unterminated} Bc6 38. Bd5 {unterminated} a4 39. h5 {unterminated} a3 40. h6 Kb6 {unterminated} 41. Bf3 $11 Kc7 42. Bxc6 Kxc6 43. Kf3 {normal} 0-1

[Event "DVM U16 2019"]
[Site "Magedburg"]
[Date "2019.12.28"]
[Round "3"]
[White "Henning, Marvin"]
[Black "Grabbel, Lennart Christian"]
[Result "1-0"]
[WhiteElo "1972"]
[BlackElo "1849"]
[Annotator "NA RC"]
[PlyCount "92"]
[EventDate "2019.12.27"]
[EventType "team-tourn"]
[EventRounds "7"]
[EventCountry "GER"]
[SourceTitle "playchess.com"]
[Source "ChessBase"]
[SourceQuality "1"]
[WhiteTeam "Reideburger SV 90 Halle"]
[BlackTeam "Hamburger SK"]
[WhiteTeamCountry "GER"]
[BlackTeamCountry "GER"]
[TimeControl "40/5400+30:1800+30"]

1. e4 {[%emt 0:00:00]} c5 {[%emt 0:00:00]} 2. Nc3 {[%emt 0:00:00]} a6 {[%emt 0:00:00]} 3. g3 {[%emt 0:00:00]} b5 {[%emt 0:00:00]} 4. Bg2 {[%emt 0:00:00]} Bb7 {[%emt 0:00:00]} 5. d3 {[%emt 0:00:19]} e6 {[%emt 0:00:13]} 6. f4 {[%emt 0:00:19]} d5 {[%emt 0:02:40]} 7. f5 {[%emt 0:00:09] B23: Closed Sicilian: Lines without g3} (7. Qe2 Be7 8. Nf3 d4 9. Nd1 Nc6 10. O-O Nf6 11. Nf2 Qb6 12. a4 h6 13. h4 Qc7 14. Bh3 Nd7 15. axb5 axb5 16. Rxa8+ Bxa8 {0-1 (56) Sambuev,B (2524)-Kovalyov,A (2651) Edmonton 2018}) 7... d4 {[%emt 0:00:20]} 8. fxe6 {[%emt 0:00:04]} dxc3 {[%emt 0:00:36]} 9. exf7+ {[%emt 0:00:02] unterminated} Kxf7 {[%emt 0:00:08]} 10. Nf3 {[%emt 0:00:10] unterminated} Be7 {[%emt 0:01:37] unterminated} (10... cxb2 $1 $11 11. Bxb2 Nh6) 11. O-O {[%emt 0:15:33]} ({Much worse is} 11. Ne5+ Kf8 $15) 11... Ke8 {[%emt 0:01:11] unterminated} 12. bxc3 {[%emt 0:00:46]} Nd7 {[%emt 0:01:13] unterminated} 13. e5 $146 {[%emt 0:06:28] unterminated} ({Predecessor:} 13. Bh3 Ngf6 14. Ng5 Qb6 {1-0 (64) Hansen,L (2231)-Thogersen,R (2220) Odense 2015}) 13... Qb6 {[%emt 0:05:09] unterminated} 14. a4 {[%emt 0:06:06] unterminated} Rc8 {[%emt 0:04:15] unterminated} 15. Qe2 {[%emt 0:03:50] unterminated} Bd5 {[%emt 0:04:33]} 16. axb5 {[%emt 0:01:10] unterminated} axb5 {[%emt 0:00:09] unterminated} 17. Ng5 {[%emt 0:03:03] unterminated} Bxg2 {[%emt 0:03:00]} 18. Qxg2 {[%emt 0:00:07] unterminated} Nxe5 $2 {[%emt 0:20:10] unterminated} (18... Bxg5 $16 {was called for.} 19. Bxg5 h6) 19. Qe4 {[%emt 0:03:49] unterminated} Ng6 {[%emt 0:02:51] unterminated} 20. Qf5 {[%emt 0:02:39] unterminated} Qc6 {[%emt 0:04:19] unterminated} 21. Qf7+ {[%emt 0:07:03]} Kd7 {[%emt 0:00:21]} 22. Ne6 {[%emt 0:01:54] unterminated} Nh6 {[%emt 0:03:47]} 23. Ra7+ {[%emt 0:00:56] unterminated} Rc7 {[%emt 0:04:32]} 24. Rxc7+ {[%emt 0:02:12]} Qxc7 {[%emt 0:00:05] unterminated} 25. Bxh6 $1 {[%emt 0:06:20]} Qe5 {[%emt 0:00:05] unterminated} 26. Bxg7 {[%emt 0:04:16]} Qxe6 {[%emt 0:00:07] unterminated} 27. Bxh8 {[%emt 0:00:29]} Qxf7 {[%emt 0:01:26]} 28. Rxf7 {[%emt 0:00:05]} Nxh8 {[%emt 0:00:03]} 29. Rxh7 {[%emt 0:00:03]} Ng6 {[%emt 0:00:06]} 30. h4 {[%emt 0:00:33]} Ke6 {[%emt 0:01:33]} 31. d4 {[%emt 0:02:02]} cxd4 {[%emt 0:01:45]} 32. cxd4 {[%emt 0:00:01]} Bf6 {[%emt 0:00:08] unterminated} 33. c3 {[%emt 0:00:34]} Ne7 {[%emt 0:01:45]} 34. g4 {[%emt 0:00:50] unterminated} Nd5 {[%emt 0:01:28]} 35. g5 {[%emt 0:01:06]} Be7 {[%emt 0:01:24]} 36. g6 {[%emt 0:07:58]} Bf6 {[%emt 0:01:10]} 37. h5 {[%emt 0:05:58]} Ne7 {[%emt 0:05:22]} 38. Kf2 {[%emt 0:01:19]} b4 {[%emt 0:00:50]} 39. cxb4 {[%emt 0:00:09]} Bxd4+ {[%emt 0:00:05]} 40. Ke2 {[%emt 0:00:30]} Kf6 {[%emt 0:06:13]} 41. Rf7+ {[%emt 0:30:22]} Ke6 {[%emt 0:30:06]} 42. Kd3 {[%emt 0:00:35]} Bg1 {[%emt 0:00:18] normal} 43. Rf1 {[%emt 0:00:25]} Ba7 {[%emt 0:00:16]} 44. g7 {[%emt 0:00:08]} Bb8 {[%emt 0:00:27]} 45. h6 {[%emt 0:00:16]} Be5 {[%emt 0:00:06]} 46. Re1 {[%emt 0:00:08]} Kd5 {normal Ke4+} 1-0

[Event "DVM U16 2019"]
[Site "Magedburg"]
[Date "2019.12.28"]
[Round "3"]
[White "Prieb, Robert"]
[Black "Kolzenburg, Jan Niklas"]
[Result "1-0"]
[WhiteElo "1963"]
[BlackElo "1648"]
[Annotator "NA"]
[PlyCount "96"]
[EventDate "2019.12.27"]
[EventType "team-tourn"]
[EventRounds "7"]
[EventCountry "GER"]
[SourceTitle "playchess.com"]
[Source "ChessBase"]
[SourceQuality "1"]
[WhiteTeam "SG Bochum"]
[BlackTeam "SF Neuberg"]
[WhiteTeamCountry "GER"]
[TimeControl "40/5400+30:1800+30"]

1. d4 {[%emt 0:00:00]} d5 {[%emt 0:00:00]} 2. c4 {[%emt 0:00:00]} e6 {[%emt 0:00:00]} 3. Nc3 {[%emt 0:00:00]} Nf6 {[%emt 0:00:12]} 4. Nf3 {[%emt 0:00:08]} Be7 {[%emt 0:01:20]} 5. Bf4 {[%emt 0:00:17]} O-O {[%emt 0:01:01]} 6. e3 {[%emt 0:00:16]} Nbd7 {[%emt 0:01:06]} 7. c5 {[%emt 0:00:40]} Nh5 {[%emt 0:01:24]} 8. Bd3 {[%emt 0:00:37] D37: Queen's Gambit Declined: 5 Bf4} Nxf4 {[%emt 0:00:55]} 9. exf4 {[%emt 0:00:02] unterminated} b6 {[%emt 0:01:13]} 10. b4 {[%emt 0:00:33] unterminated} a5 {[%emt 0:00:52]} 11. a3 {[%emt 0:00:20] unterminated} c6 {[%emt 0:01:33] unterminated} 12. O-O {[%emt 0:01:15]} Qc7 {[%emt 0:01:15] unterminated} 13. g3 $146 {[%emt 0:02:13] unterminated} ({Predecessor:} 13. Ne5 Ba6 14. Bxa6 Nxe5 15. fxe5 Rxa6 {0-1 (53) Le,Q (2694)-Nakamura,H (2733) Cap d'Agde 2010}) 13... Ba6 {[%emt 0:01:12] unterminated} 14. Ne5 {[%emt 0:02:48] unterminated} Nxe5 {[%emt 0:04:37] unterminated} 15. fxe5 {[%emt 0:00:19] unterminated} Bxd3 {[%emt 0:14:58]} 16. Qxd3 {[%emt 0:00:07] unterminated} axb4 {[%emt 0:06:14]} 17. axb4 {[%emt 0:00:15]} bxc5 {[%emt 0:00:42] unterminated} 18. bxc5 {[%emt 0:00:31] unterminated} Ra5 {[%emt 0:13:57] unterminated} 19. Rab1 {[%emt 0:04:14] unterminated} Rfa8 {[%emt 0:08:15] unterminated} 20. f4 {[%emt 0:03:46] unterminated} Bd8 {[%emt 0:04:20] unterminated} 21. f5 {[%emt 0:05:00] unterminated} exf5 {[%emt 0:07:43]} 22. Qxf5 {[%emt 0:01:05]} Qe7 {[%emt 0:01:16] unterminated} 23. Rbe1 {[%emt 0:07:31] unterminated} Qe6 {[%emt 0:02:25] unterminated} 24. Qxe6 {[%emt 0:06:08]} fxe6 {[%emt 0:00:06]} 25. Rb1 {[%emt 0:00:30] unterminated} R5a7 {[%emt 0:04:11] unterminated} 26. Ne2 {[%emt 0:05:55] unterminated} g5 {[%emt 0:06:12] unterminated} 27. Rf3 {[%emt 0:03:02] unterminated} Ra1 {[%emt 0:02:28] unterminated} 28. Rfb3 {[%emt 0:02:40] unterminated} Kf8 {[%emt 0:01:24] unterminated} 29. Kf2 {[%emt 0:04:24] unterminated} Rxb1 {[%emt 0:02:51]} 30. Rxb1 {[%emt 0:00:07] unterminated} Ra7 {[%emt 0:03:09] unterminated} 31. Rb3 {[%emt 0:07:44] unterminated} Rf7+ {[%emt 0:01:32] unterminated} 32. Kg2 {[%emt 0:01:17] unterminated} Ke7 {[%emt 0:01:58] unterminated} 33. Nc3 {[%emt 0:04:29]} Kd7 {[%emt 0:01:23] unterminated} 34. Rb8 {[%emt 0:05:47] unterminated} Ke8 {[%emt 0:02:30] unterminated} 35. Na4 {[%emt 0:04:01]} g4 {[%emt 0:01:18] unterminated} 36. Nb6 {[%emt 0:06:20] unterminated} Ra7 {[%emt 0:00:44]} 37. Rc8 {[%emt 0:01:42]} Ra2+ {[%emt 0:00:54]} 38. Kg1 {[%emt 0:00:15]} Ra1+ {[%emt 0:00:11]} 39. Kf2 {[%emt 0:00:10] unterminated} Ra2+ {[%emt 0:00:15] unterminated} 40. Ke3 {[%emt 0:06:05] unterminated} Ra3+ {[%emt 0:00:54] unterminated} (40... Rxh2 $11 41. Rxc6 Kf7) 41. Kd2 {[%emt 0:35:46] unterminated} Ra2+ {[%emt 0:03:00] unterminated} 42. Kc3 {[%emt 0:00:00] unterminated} Rxh2 {[%emt 0:02:13]} 43. Rxc6 {[%emt 0:00:00] unterminated} Ke7 {[%emt 0:02:27] unterminated} 44. Rd6 $18 {[%emt 0:00:00]} Rh3 {[%emt 0:04:42]} 45. Nc8+ {[%emt 0:00:00]} Ke8 {[%emt 0:01:55]} 46. c6 {[%emt 0:00:00]} Rxg3+ {[%emt 0:05:26]} 47. Kb4 {[%emt 0:00:00]} Rf3 {[%emt 0:04:46]} 48. Rd7 {[%emt 0:00:00]} Rf7 {normal} 1-0

[Event "DVM U16 2019"]
[Site "Magedburg"]
[Date "2019.12.28"]
[Round "3"]
[White "Glinzner, Alva"]
[Black "Wang, Ruiming"]
[Result "0-1"]
[WhiteElo "1812"]
[BlackElo "1808"]
[Annotator "NA RC"]
[PlyCount "88"]
[EventDate "2019.12.27"]
[EventType "team-tourn"]
[EventRounds "7"]
[EventCountry "GER"]
[SourceTitle "playchess.com"]
[Source "ChessBase"]
[SourceQuality "1"]
[WhiteTeam "Lübecker SV"]
[BlackTeam "SG Leipzig"]
[WhiteTeamCountry "GER"]
[BlackTeamCountry "GER"]
[TimeControl "40/5400+30:1800+30"]

1. e4 c5 2. Nf3 Nc6 3. Bb5 d6 4. Bxc6+ bxc6 5. O-O e5 6. d3 Be7 7. Nbd2 {unterminated} f5 {unterminated} 8. exf5 Bxf5 {unterminated} 9. Ne4 Nf6 {unterminated} 10. Ng3 {unterminated} Bg4 {unterminated} 11. h3 Bd7 {unterminated} 12. Nh4 {unterminated} O-O 13. Nhf5 {unterminated} Nd5 {unterminated} 14. Ne3 {unterminated} Nf4 {unterminated} 15. Nh5 {unterminated} Qe8 (15... Bh4 $19 16. Kh1 Qe7) 16. Nxf4 Rxf4 17. Nc4 Rh4 18. Qf3 Qg6 19. Qg3 Qh5 20. Kh2 Rf8 21. f3 Rxc4 22. Qf2 Rh4 23. Qg3 Rd4 24. Qe1 Bh4 25. Qe2 Qg6 26. Be3 Bg3+ {unterminated} 27. Kg1 {unterminated} Rh4 {unterminated} 28. Bf2 {unterminated} Bxh3 {unterminated} 29. Bxg3 Qxg3 30. Qf2 {unterminated} Qxf2+ 31. Kxf2 Be6 {unterminated} 32. Rfe1 c4 {unterminated} 33. Rad1 {unterminated} cxd3 34. Rxd3 {unterminated} Bd5 {unterminated} 35. Kg3 {unterminated} Rh6 36. Ra3 Rg6+ 37. Kh2 Rf5 38. Re2 Rh5+ 39. Kg1 {unterminated} Rh3 40. Kf1 {unterminated} Rh1+ $19 41. Kf2 Bc4 42. Rd2 Rf1+ 43. Ke3 d5 {normal} 44. c3 c5 {normal} 0-1